Pokémon - Les attaques de Mimigal - Statistiques

Statistiques générales
  • Ce quiz a été pris 12 fois
  • Le résultat moyen est 12 sur 16
Statistiques - réponses
Niveaux Types Noms des attaques % Correct
Départ Poison Dard-Venin
100%
Niveau 5 Plante Vol-Vie
100%
Niveau 40 Poison Direct Toxik
89%
Niveau 12 Normal Grimace
89%
Niveau 29 Psy Hâte
89%
Départ Insecte Sécrétion
89%
Niveau 47 Insecte Toile Gluante
89%
Niveau 51 Poison Fil Toxique
78%
Niveau 15 Spectre Ombre Nocturne
78%
Niveau 19 Spectre Ombre Portée
78%
Niveau 44 Poison Poison Croix
78%
Niveau 33 Insecte Dard-Nuée
67%
Niveau 36 Psy Psyko
67%
Niveau 26 Ténèbres Coup Bas
56%
Niveau 8 Insecte Harcèlement
56%
Niveau 22 Normal Combo-Griffe
44%
Aucun quiz correspondant
Distribution des résultats
% des personnes avec chaque résultat
Percentile par nombre de réponses
Votre historique - résultats
Vous n’avez pas pris ce quiz